| 000 | 00401pab a2200145 454500 | ||
|---|---|---|---|
| 008 | 180718b2006 xxu||||| |||| 00| 0 eng d | ||
| 100 | _aDeb, Surajit | ||
| 245 | _aDomestic terms of trade in a three-sector framework: analysis for all-India and states | ||
| 260 | _c2006 | ||
| 300 | _ap.1713-722. | ||
| 362 | _a29 Apr | ||
| 650 | _aTrade | ||
| 773 | _aEconomic and Political Weekly | ||
| 909 | _a69560 | ||
| 999 |
_c69560 _d69560 |
||